| 000 | 00586nam a2200217Ia 4500 | ||
|---|---|---|---|
| 008 | 180523s9999 xx 000 0 und d | ||
| 020 | _a81-7391-832-5 | ||
| 050 | _aMAIN LC 6681 | ||
| 050 | _b.T68 2006 | ||
| 245 | 0 | _aTourism education : | |
| 245 | 3 | _ban emerging essential / | |
| 245 | 0 | _cedited by D.S. Bhardwaj… [et al]. | |
| 260 | _aNew Delhi : | ||
| 260 | _bKanishka Publishers, | ||
| 260 | _c2006 | ||
| 300 | _a248 pages : | ||
| 300 | _c22 cm. | ||
| 650 | _aIndia. | ||
| 650 | _aTourism -- Study and teaching -- India. | ||
| 650 | _xTourism -- Study and teaching. | ||
| 999 |
_c357337 _d357337 |
||